00827cam a2200193 i 4500020001800000040000800018082002600026245015500052246004200207300006100249490001700310500003300327520012200360650002100482650002600503700002700529710006100556710001600617 a9789843424907 cDLC a334 ROM 2017 A042 Or.10aProceedings of the Technical Symposium on Nutrition-Sensitive Agriculture :bbringing Agriculture into the Dialogue for Improving Nutrition Outcomes /18aNutrition-sensitive agriculture (NSA) ax, 130 pages :bcolor illustrations, color map ;c30 cm.0 aNSA series ; aIncludes statistical tables. aContributed articles presented at the Symposium co-managed and supported by many national and international agencies. 0aNutrition policy 0aAgriculture and state1 aBhattacharjee, Lalita,2 aFood and Agriculture Organization of the United Nations,1 aBangladesh.